| 000 | 00000nam 2200000zi 4500 |
| 001 | 9.948982 |
| 003 | CaOODSP |
| 005 | 20250910142915 |
| 006 | m o d f |
| 007 | cr m|||||||||| |
| 008 | 250310t20252025onca o f000 0 fre d |
| 020 | |a9780660763347 |
| 040 | |aCaOODSP|bfre|erda|cCaOODSP |
| 043 | |an-cn--- |
| 086 | 1 |aD69-101/2025F-PDF |
| 245 | 00|aIDEeS : |binnovation pour la défense, l'excellence et la sécurité. |
| 264 | 1|a[Ottawa] : |bDéfense nationale = National Defence, |c[2025] |
| 264 | 4|c©2025 |
| 300 | |a1 ressource en ligne (1 page non numérotée) : |billustrations |
| 336 | |atexte|btxt|2rdacontent/fre |
| 337 | |ainformatique|bc|2rdamedia/fre |
| 338 | |aressource en ligne|bcr|2rdacarrier/fre |
| 500 | |aTitre de départ. |
| 500 | |aPublié aussi en anglais sous le titre : IDEaS : innovation for defence excellence and security. |
| 520 | |a« Le programme Innovation pour la défense, l'excellence et la sécurité (IDEeS) offre aux innovateurs le soutien et la structure nécessaires pour résoudre certains des défis les plus difficiles du Canada en matière de défense et de sécurité. IDEeS offre un financement aux innovateurs de toutes tailles pour les aider à concevoir, développer, et faire progresser des solutions qui répondent aux défis auxquels sont confrontés le ministère de la Défense nationale (MDN) et les Forces armées canadiennes (FAC) » -- Page [1]. |
| 610 | 16|aCanada. |bMinistère de la défense nationale. |
| 650 | 6|aSécurité nationale|zCanada. |
| 710 | 1 |aCanada. |bMinistère de la défense nationale, |eorganisme de publication. |
| 775 | 08|tIDEaS : |w(CaOODSP)9.948979 |
| 776 | 0#|tFiche d'information du programme IDEeS.|w(CaOODSP)9.948983 |
| 856 | 40|qPDF|s777 Ko|uhttps://publications.gc.ca/collections/collection_2025/mdn-dnd/D69-101-2025-fra.pdf |